000
00349nam a22001697a 4500
005
20260616143504.0
020
_a
9789388973861
041
_a
English
082
_a
T13 R23 BAM
100
_a
Bama
245
_a
Oru Thaththavum Yerumaiyum
250
_a
01
260
_a
Chennai
_b
NCBH
_c
2023
300
_a
236
365
_b
270.00
942
_c
BK
999
_c
177896
_d
177896